000 00641nam a22001937a 4500
999 _c191373
_d191373
005 20220825123135.0
010 _aENG-134646
020 _a9788193252796
_c400.00
035 _aEN-118178
037 _bDBAD/PUB
082 _a881
100 _aSahay, Baidyanath
245 _aI search my soul/
_cBaidyanath Sahay and edited by surya prakash
260 _aNew Delhi
_c2017
_bAuthor pride publications
270 _a55-A, Pocket-d, SFS Flats, Mayur Vihar, Phase-III
_bNew delhi
_e110096
_k9810402776
_mservices@authorspride.com
300 _ax, 77p.
_c22cm(pbk)
700 _aPrakash, Surya
942 _2ddc
_cEN
_h881
_mSAH